000 00967cam a2200181 4500
001 X105396
008 000000n 000 0 eng u
035 _a(Sirsi) u105396
245 _aHart DC v ADT Auctions Ltd (now BCA Ltd)
260 _2000
490 _aPlanning Appeal Decisions
_v15 PAD 143-149(9)
520 _aAPP/N1730/A?95/258813 Outline application-residential-proposed Special Protection Area ("p/SPA") deficiency in housing land supply-structure and local plans-environmental impact assessment-recreational pressure on p/SPA-close to SSSI-rubbish dumping-risk of fires-emergency access road-disturbance to habitats-not controllable by conditions-not satisfied that development would not adversely affect integrity of site (Headnote from journal article)
650 _aHART DC V ADT AUCTIONS LTD (NOW BCA LTD)
650 _aOUTLINE PLANNING PERMISSION
650 _aRESIDENTIAL DEVELOPMENT
690 _aPlanning and development
_96259
942 _n0
999 _c100382
_d100382